| 000 | 00899nam a2200253 i 4500 | ||
|---|---|---|---|
| 001 | 39545 | ||
| 003 | ES-MaACL | ||
| 005 | 20251009181745.0 | ||
| 007 | t| | ||
| 008 | 030303s1951 sp |||| | spa d | ||
| 080 | _a821.134.2-17"15" | ||
| 080 | _a094.1(46)"15"(084) | ||
| 245 | 0 | 0 |
_aCancionero de obras de burlas provocantes a risa / _c[edición... facsímil dirigida por Antonio Pérez Gómez]. |
| 260 |
_a[S.l. : _bs.n.], _c1951 ( _eValencia : _fJuan Viñas) |
||
| 300 |
_a58 h. ; _c27 cm. |
||
| 534 |
_pReprod. facs. de la ed. de: _cValencia : Juan Viñao, 1519. |
||
| 650 | 4 |
_aPoesías satíricas españolas- _yHasta S.XV. _9155911 |
|
| 650 | 7 |
_aPoesías humorísticas españolas _2embne _9156564 |
|
| 655 | 7 |
_2tgfbne _9226495 _aFacsímiles |
|
| 700 | 0 |
_aPérez y Gómez, Antonio, _d1902-1976 _991216 |
|
| 852 |
_aES-MaACL _jD-7050 |
||
| 942 | _2udc | ||
| 999 |
_c39545 _d39545 |
||